| 000 | 00687nam a22001817a 4500 | ||
|---|---|---|---|
| 001 | BD-DhSAU 4695 | ||
| 003 | BD-DhSAU | ||
| 005 | 20150225095124.0 | ||
| 008 | 150225b1977 bg a||||r|||| 000 0 ben d | ||
| 040 | _aBD-DhSAU | ||
| 082 |
_222 _a৭৯৬.৪৮ _bআলীবি |
||
| 100 | _aআলীম, কাজী আবদুল | ||
| 245 |
_aবিশ্বের সেরা খেলা অলিম্পিক / _cকাজী আবদুল আলীম |
||
| 260 |
_aঢাকা : _bকাজী এহসানুল আলীম, _c১৯৭৭. |
||
| 300 |
_a২৭৯ পৃ. : _bচিত্র ; _c২১ সেমি |
||
| 590 | _ajoy | ||
| 650 | _aঅলিম্পিক | ||
| 942 |
_2ddc _cBOOK |
||
| 999 |
_c4695 _d4695 |
||